Turbo algorithms : a programmer's reference /

Bibliographic Details
Main Author: Weiskamp, Keith
Other Authors: Shammas, Namir Clement, 1954-, Pronk, Ron
Format: Book
Language:English
Published: New York : Wiley, [1989]
Subjects:

MARC

Tag First Indicator Second Indicator Subfields
LEADER 00000cam a2200000 a 4500
001 in00000888321
005 20151019142409.0
008 890314s1989 nyua 00110 eng
010 |a  89031892  
020 |a 0471610097 
035 |a (OCoLC)19514560 
035 |9 AEK6371AM 
040 |a DLC  |c DLC  |d TXA  |d UtOrBLW 
049 |a TXAM  |c [A12730537] 
050 0 0 |a QA76.7  |b .W44 1989 
082 0 |a 005.1/3  |2 20 
100 1 |a Weiskamp, Keith. 
245 1 0 |a Turbo algorithms :  |b a programmer's reference /  |c Keith Weiskamp, Namir Shammas, Ron Pronk. 
264 1 |a New York :  |b Wiley,  |c [1989] 
264 4 |c ©1989 
300 |a xxv, 444 pages :  |b illustrations ;  |c 24 cm. 
336 |a text  |b txt  |2 rdacontent 
337 |a unmediated  |b n  |2 rdamedia 
338 |a volume  |b nc  |2 rdacarrier 
500 |a Includes index. 
650 0 |a Programming languages (Electronic computers) 
650 0 |a Algorithms. 
700 1 |a Shammas, Namir Clement,  |d 1954- 
700 1 |a Pronk, Ron. 
999 |a MARS 
999 f f |s 594e5fe2-dbcc-3957-bb1b-6be9b96133a9  |i 6838b18a-a5fd-3c98-b44b-b453b0c7fed1  |t 0 
952 f f |p ric  |a Texas A&M University  |b Rellis Campus  |c Joint Library Facility  |d Remote Storage  |t 0  |e QA76.7 .W44 1989  |h Library of Congress classification  |i unmediated -- volume  |m A14812730537 
998 f f |a QA76.7 .W44 1989  |t 0  |l Remote Storage